| 000 | 00476nam a22001577a 4500 | ||
|---|---|---|---|
| 003 | SISC | ||
| 005 | 20160928143007.0 | ||
| 008 | 160928b xxu||||| |||| 00| 0 eng d | ||
| 020 | _a9789710165070 | ||
| 050 |
_aHF 5686.P225 _b.B188 2016 |
||
| 100 | _aBallada, Win. | ||
| 245 |
_aPartnership and corporation accounting : _bmade easy / _cWin Ballada, Susan Ballada. |
||
| 260 |
_aManila : _bDomDane Publishers, _c2016. |
||
| 300 |
_axxiii, 468 pages ; _c25 cm. |
||
| 942 |
_2lcc _cBK |
||
| 999 |
_c305132 _d305132 |
||